000 02058nam a2200421Ia 4500
001 ebr10273381
003 CaPaEBR
006 m u
007 cr cn|||||||||
008 070124s2007 ncub sb s001 0 eng d
010 _z 2007003201
020 _z9780807831038 (cloth : alk. paper)
020 _z0807831034 (cloth : alk. paper)
040 _aCaPaEBR
_cCaPaEBR
035 _a(OCoLC)233572710
050 1 4 _aE445.M6
_bK29 2007eb
100 1 _aKaye, Anthony E.
245 1 0 _aJoining places
_h[electronic resource] :
_bslave neighborhoods in the old South /
_cAnthony E. Kaye.
260 _aChapel Hill :
_bUniversity of North Carolina Press,
_cc2007.
300 _ax, 365 p. :
_bmaps.
490 1 _aThe John Hope Franklin series in African American history and culture
504 _aIncludes bibliographical references (p. [311]-342) and index.
533 _aElectronic reproduction.
_bPalo Alto, Calif. :
_cebrary,
_d2011.
_nAvailable via World Wide Web.
_nAccess may be limited to ebrary affiliated libraries.
650 0 _aSlaves
_zMississippi
_zNatchez (District)
_xSocial life and customs.
650 0 _aSlaves
_zMississippi
_zNatchez (District)
_xSocial conditions.
650 0 _aCommunity life
_zMississippi
_zNatchez (District)
_xHistory.
650 0 _aNeighborhoods
_zMississippi
_zNatchez (District)
_xHistory.
650 0 _aAfrican American neighborhoods
_zMississippi
_zNatchez (District)
_xHistory.
650 0 _aSlaves
_zSouthern States
_xSocial life and customs
_vCase studies.
650 0 _aSlaves
_zSouthern States
_xSocial conditions
_vCase studies.
650 0 _aCommunity life
_zSouthern States
_vCase studies.
651 0 _aNatchez (Miss. : District)
_xSocial life and customs.
651 0 _aNatchez (Miss. : District)
_xSocial conditions.
655 7 _aElectronic books.
_2local
710 2 _aebrary, Inc.
830 0 _aJohn Hope Franklin series in African American history and culture.
856 4 0 _uhttp://site.ebrary.com/lib/rucke/Doc?id=10273381
_zAn electronic book accessible through the World Wide Web; click to view
999 _c6856
_d6856